| 000 | 00779nam a2200253Ia 4500 | ||
|---|---|---|---|
| 003 | OSt | ||
| 005 | 20220928125529.0 | ||
| 006 | a|||||r|||| 00| 0 | ||
| 007 | ta | ||
| 008 | 220927b |||||||| |||| 00| 0 eng d | ||
| 020 | _cUSD 170.00 | ||
| 024 | _a136441 | ||
| 037 |
_b32, 14/11/2017, Kiran Book Service _cTextual |
||
| 040 |
_aSDCL _cSDCL _beng |
||
| 041 |
_2eng _aeng |
||
| 082 | _aQ:( V1:5:(Z) ), Q7 | ||
| 100 |
_aNikolic Marko Ed. _9470017 |
||
| 245 | 0 | _aReligion, human rights and international law | |
| 260 |
_aNew York _b Delve Publishing _c2017 |
||
| 300 |
_axviii,196p. _ccm. |
||
| 650 |
_aSanskrit _9391587 |
||
| 942 |
_hQ:( V1:5:(Z) ), Q7 _cTEXL _2CC |
||
| 999 |
_c782751 _d782751 |
||